Public finance / (Record no. 23442)

MARC details
000 -LEADER
fixed length control field 00829nam a2200241 a 4500
005 - DATE AND TIME OF LATEST TRANSACTION
control field 19970909093112.7
008 - FIXED-LENGTH DATA ELEMENTS--GENERAL INFORMATION
fixed length control field 940518s1995 ilua b 001 0 eng
010 ## - LCCN (DPL NO)
LC control number ENG-92938
020 ## - INTERNATIONAL STANDARD BOOK NUMBER
International Standard Book Number 9788190761437
Terms of availability 85.00
035 ## - SYSTEM CONTROL NUMBER
System control number EN-76471
037 ## - SOURCE OF ACQUISITION
Source of stock number/acquisition DBAD / PUB
040 ## - CATALOGING SOURCE
Original cataloging agency dpl
Language of cataloging English
082 ## - DEWEY DECIMAL CLASSIFICATION NUMBER
Classification number 336
100 ## - MAIN ENTRY--PERSONAL NAME
Personal name Vivekananthan, R.
245 ## - TITLE STATEMENT
Title Public finance /
Statement of responsibility, etc by R. Vivekananthan
260 ## - PUBLICATION, DISTRIBUTION, ETC. (IMPRINT)
Place of publication, distribution, etc Chennai
Name of publisher, distributor, etc Thirupathi Publications
Date of publication, distribution, etc 2008
270 ## - ADDRESS
Address No. 63, Razak Garden, Arumbakkam
City Chennai
Postal code 106
300 ## - PHYSICAL DESCRIPTION
Extent 127p.
Dimensions 25 cm (pbk)
500 ## - GENERAL NOTE
General note Includes bibliographical references
650 ## - SUBJECT ADDED ENTRY--TOPICAL TERM
Topical term or geographic name as entry element Finance, Public
942 ## - ADDED ENTRY ELEMENTS (KOHA)
Source of classification or shelving scheme Dewey Decimal Classification
Item type English Books
Classification part 336
Call number suffix VIV
Holdings
Withdrawn status Lost status Source of classification or shelving scheme Damaged status Not for loan Collection code Home library Current library Date acquired Source of acquisition Cost, normal purchase price Total Checkouts Full call number Barcode Date last seen Copy number Cost, replacement price Koha item type
    Dewey Decimal Classification   Not For Loan Non-fiction D.B.Act.Division D.B.Act.Division 11/02/2009 DBAD / PUB 85.00   336 VIV EN-76471 11/02/2009 1 85.00 English Books

© Delhi Public Library
Hit Counter
free hit counter